Sectores regulados. Sector energťico, Sector del transporte y Sector de las telecomunicaciones /

Detalles Bibliográficos
Autor principal: Alonso Timn̤, Antonio J.
Formato: eBook
Lenguaje:español
Publicado: Madrid: Dykinson, 2014
Materias:
Acceso en línea:Acceso restringido

MARC

LEADER 00000nam a22000007a 4500
005 20141006211828.0
007 cr|||| ||||
008 141006s2014 es |||||s|||| 00||0 spa d
020 |a 978-84-9031-996-3 
035 |a 12409 
040 |a vLex 
090 |c 5180  |d 5180 
100 1 |a Alonso Timn̤, Antonio J. 
245 1 0 |a Sectores regulados.  |h [Recurso electrn̤ico] :  |b Sector energťico, Sector del transporte y Sector de las telecomunicaciones /  |c Antonio J. Alonso Timn̤ 
256 |a Servicio en ln̕ea 
260 |a Madrid:  |b Dykinson,  |c 2014 
300 |a 1 recurso electrn̤ico 
500 |a La regulacin̤ del sector elčtrico aparece condicionada tanto por el carc̀ter de servicio esencial que presenta el suministro de electricidad como por una serie de peculiaridades fs̕icas, tčnicas y econm̤icas propias de dicho suministro. Al no ser almacenable la energa̕ elčtrica, las oscilaciones de la demanda de los consumidores deben ser atendidas en tiempo real, siendo precisa una adecuada coordinacin̤ del sistema para que pueda garantizarse el suministro de forma continuada. Asimismo, dicho suministro exige que los productores estň unidos a los consumidores a travš de redes de transporte y distribucin̤ que conforman ver-daderos monopolios naturales. Estos rasgos propios del sector elčtrico determinaron que el mismo estuviera, desde sus org̕enes, organizado a partir de empresas verticalmente integradas que desarrollaban las actividades de generacin̤, transporte y distribucin̤ de energa̕ elčtrica. Esta estructura tradicional del sector elčtrico ha ofrecido en ocasiones importantes escollos para la realizacin̤ de una de las polt̕icas europeas ms̀ ambiciosas y conflictivas: el establecimiento en el seno de la Unin̤ Europea de un mercado interior de la electricidad y el gas natural. A la consecucin̤ de este objetivo ha obedecido la evolucin̤ del sector elčtrico espaǫl desde los aǫs 90 del pasado siglo hasta el momento actual. La regulacin̤ del sector elčtrico se enfrenta al difc̕il reto de armonizar ml︢tiples intereses econm̤icos, sociales, medioambientales y polt̕icos, muchas veces contrapuestos entre s.̕ Por este motivo, la actual ordenacin̤ jurd̕ica del suministro elčtrico es notablemente compleja y cambiante, dando lugar a un sector del ordenamiento en el que el denominado riesgo regulatorio y el problema del df̌icit tarifario cobran un papel protagonista. 
506 1 |a Disponible solo en los productos indicados  |d vLex Global  |d vLex Global (Academic Edition, excluding Law Schools)  |d vLex Global (U.S. Academic Edition, Law Schools)  |d vLex Global (U.S. Academic Edition, excluding Law Schools)  |d vLex Global (Academic Edition, Law Schools) 
650 0 4 |a Derecho Civil  |z Espaą 
650 0 4 |a Derecho Pb︢lico y Administrativo  |z Espaą 
740 0 |a vLex Libros (Servicio en ln̕ea) 
856 4 0 |u http://vlex.com/source/sectores-regulados-sector-energetico-sector-del-transporte-y-sector-de-las-telecomunicaciones-12409  |z Acceso restringido 
942 |c BOOK 
999 0 |a Civil Law 
999 0 |a Public and Administrative Law